000 00648nam a22002177a 4500
003 UA-OsUOA
001 92546
007 ta
008 20121219b un ||||| |||| 00| 0 ukr d
100 _aСитник І.П.
090 _a330(477)
_bС41
942 _cSA
040 _aUA-OsUOA
_bukr
_cUA-OsUOA
_dUA-OsUOA
245 _aСвітовий досвід ефективного використання фінансових інструментів
300 _aС.71-75
955 _a0
041 _aukr
080 _a330(477)
773 0 _w92542
_tЕкономіка АПК
_dК.
_d2012
_g12
650 7 _a330 Економіка взагалі
_2UDC
999 _c378787
_d378787